Organisational Behaviour Sem.- II ( F.Y.B.B.A. ) (Record no. 365695)

MARC details
000 -LEADER
fixed length control field 00366nam a22001457a 4500
005 - DATE AND TIME OF LATEST TRANSACTION
control field 20250321154751.0
008 - FIXED-LENGTH DATA ELEMENTS--GENERAL INFORMATION
fixed length control field 250321b |||||||| |||| 00| 0 eng d
041 ## - LANGUAGE CODE
Language code of text/sound track or separate title Eng.
100 ## - MAIN ENTRY--PERSONAL NAME
Author Oturkar, A. & Khan G.
245 ## - TITLE STATEMENT
Title Organisational Behaviour Sem.- II ( F.Y.B.B.A. )
250 ## - EDITION STATEMENT
Edition statement 1st ed.
260 ## - PUBLICATION, DISTRIBUTION, ETC.
Place of publication, distribution, etc. Pune
Name of publisher, distributor, etc. Nirali
300 ## - PHYSICAL DESCRIPTION
Extent A.2
942 ## - ADDED ENTRY ELEMENTS (KOHA)
Koha item type Books
Holdings
Withdrawn status Lost status Source of classification or shelving scheme Damaged status Not for loan Home library Current library Date acquired Vendor Cost, normal purchase price Bill number Barcode Date last seen Bill Date Koha item type Original Barcode
    Dewey Decimal Classification     Shri Siddhivinayak Mahila Mahavidyalaya Shri Siddhivinayak Mahila Mahavidyalaya 21/03/2025 Nirali 115.00 P 69779 SSMM-BK-32411 21/03/2025   Books 010032411
    Dewey Decimal Classification     Shri Siddhivinayak Mahila Mahavidyalaya Shri Siddhivinayak Mahila Mahavidyalaya 21/03/2025 Nirali 115.00 P 69779 SSMM-BK-32412 21/03/2025   Books 010032412
    Dewey Decimal Classification     Shri Siddhivinayak Mahila Mahavidyalaya Shri Siddhivinayak Mahila Mahavidyalaya 21/03/2025 Nirali 115.00 P 69779 SSMM-BK-32413 21/03/2025   Books 010032413
    Dewey Decimal Classification     Shri Siddhivinayak Mahila Mahavidyalaya Shri Siddhivinayak Mahila Mahavidyalaya 21/03/2025 Nirali 115.00 P 69779 SSMM-BK-32414 20/03/2026   Books 010032414
    Dewey Decimal Classification     Shri Siddhivinayak Mahila Mahavidyalaya Shri Siddhivinayak Mahila Mahavidyalaya 21/03/2025 Nirali 115.00 P 69779 SSMM-BK-32415 28/03/2026   Books 010032415